Online
Catalog

On human nature and the understanding / (Record no. 21595)

MARC details
000 -CABECERA
campo de control de longitud fija 00824nam a2200205 a 4500
001 - NÚMERO DE CONTROL
campo de control 000022097
005 - FECHA Y HORA DE LA ÚLTIMA TRANSACCIÓN
campo de control 20200930011600.0
008 - DATOS DE LONGITUD FIJA--INFORMACIÓN GENERAL
campo de control de longitud fija 100916s1965 nyu 000 0 spa d
040 ## - FUENTE DE LA CATALOGACIÓN
Centro catalogador/agencia de origen DO-SdBNP
Lengua de catalogación eng
Centro/agencia transcriptor BNPHU
082 ## - NÚMERO DE LA CLASIFICACIÓN DECIMAL DEWEY
Número de clasificación 153.9
Número de documento/Ítem H921ó
049 ## - FONDOS LOCALES (OCLC)
Fondos de biblioteca BNGR
100 1# - ENTRADA PRINCIPAL--NOMBRE DE PERSONA
Nombre de persona Hume, David.
9 (RLIN) 44715
245 10 - MENCIÓN DE TÍTULO
Título On human nature and the understanding /
Mención de responsabilidad, etc. David Hume ; edición e introducción Antony Flew.
260 ## - PUBLICACIÓN, DISTRIBUCIÓN, ETC.
Lugar de publicación, distribución, etc. New York :
Nombre del editor, distribuidor, etc. Collier Books,
Fecha de publicación, distribución, etc. 1965.
300 ## - DESCRIPCIÓN FÍSICA
Extensión 318 p. ;
Dimensiones 18 cm.
500 ## - NOTA GENERAL
Nota general "Siendo el texto completo de una investigación sobre el entendimiento humano, junto con las secciones de un tratado de la naturaleza humana, un resumen de un tratado de la naturaleza humana, y dos documentos biográficos".
650 #4 - PUNTO DE ACCESO ADICIONAL DE MATERIA--TÉRMINO DE MATERIA
Término de materia o nombre geográfico como elemento de entrada Inteligencia
9 (RLIN) 2917
650 #4 - PUNTO DE ACCESO ADICIONAL DE MATERIA--TÉRMINO DE MATERIA
Término de materia o nombre geográfico como elemento de entrada Aptitudes
9 (RLIN) 45787
700 1# - PUNTO DE ACCESO ADICIONAL--NOMBRE DE PERSONA
Nombre de persona Flew, Antony,
Término indicativo de función/relación ed.
9 (RLIN) 45788
Holdings
Estado de retiro Estado de pérdida Restricciones de uso No para préstamo Código de colección Localización permanente Ubicación/localización actual Ubicación en estantería Fecha de adquisición Número de inventario Total de préstamos Signatura topográfica completa Código de barras Fecha visto por última vez Precio válido a partir de Tipo de ítem Koha
        Monografías: Libros y Folletos General General En catalogación 16.09.2010 LF1   153.9 H921ó 22097-10 25.06.2020 25.06.2020 Préstamo en sala

Powered by Koha